000 00986 a2200253 4500
005 20151118142638.0
008 151118s2015 ck a fr|||| 000 0 spa d
020 _a9789588890692
040 _aCO-BoUCM
_cSaul Niño
_dSaul Niño
041 0 _aspa
110 2 _aUniversidad de Antioquia
_bSistema de Bibliotecas (Carlos Gaviria Díaz)
_973749
245 _a21 ensayos
_buna selección de leer y releer
246 _aVeintiún ensayos
260 _c2015
_bUniversidad de Antioquia
_aMedellín (Antioquia, Colombia)
300 _a338 páginas
_bilustraciones
500 _aUniversidad de Antioquia Biblioteca Carlos Gaviria Díaz, 80 años. 1935-2015
504 _aIncluye referencias bibliográficas
650 7 _914557
_aEnsayos colombianos
650 7 _918629
_aLiteratura colombiana
650 7 _99106
_aAnimación a la lectura
690 _942861
_aLiteratura colombiana
942 _2DEWEY
_a18
_cLIBRO
_e1
_hC 864.44
_mU588en
999 _c302046
_d302046